[Event "FRA-chT III 0910"]
[Site "Midi-Pyrenees"]
[Date "2008.11.23"]
[Round "3.7"]
[White "Blesing, Rene"]
[Black "Pinault, Mailys"]
[Result "1-0"]
[WhiteElo "2027"]
[BlackElo "1763"]
[PlyCount "109"]
[EventDate "2009.??.??"]
[EventType "team-match"]
[EventCountry "FRA"]

1. e4 e5 2. d4 exd4 3. c3 d5 4. Qxd4 dxe4 5. Qxe4+ Qe7 6. Bd3 Nf6 7. Qxe7+ Bxe7
8. Bg5 h6 9. Bh4 O-O 10. Nd2 Re8 11. O-O-O Be6 12. Ngf3 Nc6 13. Kb1 a6 14. h3
Rad8 15. Bc2 Nd5 16. Bxe7 Rxe7 17. Nb3 Kf8 18. Nfd4 Nxd4 19. Rxd4 Rde8 20. Nc5
Nf6 21. Rhd1 Bc8 22. R4d2 Re1 23. Kc1 b6 24. Nd3 Rxd1+ 25. Kxd1 Bb7 26. f3 Nd5
27. Bb3 Nf6 28. c4 Nh5 29. f4 Be4 30. f5 Ng3 31. Nb4 a5 32. Nd5 Nxf5 33. Nxc7
Rb8 34. g4 Nh4 35. Rf2 Bg6 36. Nd5 Rb7 37. Ba4 Rb8 38. Kd2 Rd8 39. Ke3 Rb8 40.
Kd4 Bb1 41. a3 Bh7 42. b4 axb4 43. axb4 Ng6 44. c5 bxc5+ 45. bxc5 Ne7 46. Nb6
Rd8+ 47. Nd7+ Kg8 48. Rb2 f5 49. Ke5 fxg4 50. hxg4 Kf7 51. Rf2+ Kg8 52. Kd6 Ng6
53. c6 Nh4 54. c7 Ra8 55. Bb3+ 1-0

[Event "FRA-chT III 0910"]
[Site "Midi-Pyrenees"]
[Date "2008.11.23"]
[Round "3.8"]
[White "Moruzzi, Gerard"]
[Black "Blesing, Alicia"]
[Result "0-1"]
[WhiteElo "1600"]
[BlackElo "1725"]
[PlyCount "106"]
[EventDate "2009.??.??"]
[EventType "team-match"]
[EventCountry "FRA"]

1. e4 c5 2. Nf3 Nc6 3. d4 cxd4 4. Nxd4 a6 5. Nc3 e6 6. Be3 Qc7 7. a3 Nf6 8. Be2
Be7 9. f4 d6 10. Qd2 Bd7 11. Bf3 Na5 12. Be2 Nc4 13. Bxc4 Qxc4 14. Qd3 Rc8 15.
Rc1 O-O 16. Qxc4 Rxc4 17. e5 Ng4 18. Kd2 dxe5 19. Nb3 Nxe3 20. Kxe3 exf4+ 21.
Kf2 b6 22. Rhd1 Bc6 23. Kf1 Bf6 24. Nd2 Rd4 25. Ndb1 Rfd8 26. Rxd4 Rxd4 27. b3
e5 28. Ne2 Rd8 29. a4 f3 30. gxf3 Bxf3 31. Nbc3 e4 32. Rd1 Rxd1+ 33. Nxd1 Be5
34. h3 f5 35. Ne3 f4 36. Nd5 Bxe2+ 37. Kxe2 b5 38. axb5 axb5 39. c4 bxc4 40.
bxc4 Kf7 41. Nb4 Ke6 42. c5 f3+ 43. Kf1 e3 44. Nc2 e2+ 45. Kf2 Bc3 46. Kxf3
e1=Q 47. Nxe1 Bxe1 48. Kg4 Bf2 49. c6 Kd6 50. Kf5 Kxc6 51. Ke6 g5 52. Kf6 Be3
53. Kg7 h5 0-1

[Event "FRA T IV 08-09"]
[Site "Languedoc"]
[Date "2008.10.19"]
[Round "1"]
[White "Demumieux, Joel"]
[Black "Blanc, Regis"]
[Result "1/2-1/2"]
[WhiteElo "1738"]
[BlackElo "1752"]
[PlyCount "34"]
[EventDate "2008.??.??"]
[EventType "team-match"]
[EventCountry "FRA"]

1. c4 d6 2. Nc3 Nf6 3. g3 c6 4. Bg2 Nbd7 5. e3 e5 6. Nge2 Be7 7. O-O O-O 8. d4
Qc7 9. b3 Rd8 10. Bb2 Nf8 11. Qc2 Ng6 12. Rad1 Bg4 13. f3 Be6 14. Rc1 d5 15.
cxd5 Bxd5 16. Nxd5 Nxd5 17. Qd2 exd4 1/2-1/2

[Event "FRA T IV 08-09"]
[Site "Languedoc"]
[Date "2008.11.22"]
[Round "2"]
[White "Benchimol, Yves"]
[Black "Ulmer, Jean Michel"]
[Result "0-1"]
[WhiteElo "1720"]
[BlackElo "1820"]
[PlyCount "72"]
[EventDate "2008.??.??"]
[EventType "team-match"]
[EventCountry "FRA"]

1. d4 d5 2. Bf4 Nf6 3. e3 c6 4. Bd3 Bg4 5. f3 Bh5 6. Ne2 e6 7. O-O Bd6 8. Nbc3
Qc7 9. Bxd6 Qxd6 10. Nf4 Bg6 11. Rc1 Nbd7 12. Nce2 O-O 13. Nxg6 fxg6 14. e4 e5
15. c3 Nh5 16. c4 dxe4 17. c5 Qe7 18. Bxe4 Kh8 19. Re1 Rfe8 20. Qa4 a6 21. Qb4
Ndf6 22. Bb1 Nd5 23. Qb3 Nhf4 24. Nxf4 Nxf4 25. Rxe5 Qf6 26. Qe3 Nd5 27. Qe2
Qf4 28. Re1 Nf6 29. Be4 Ng4 30. g3 Qf6 31. Qf1 Nxe5 32. dxe5 Qxe5 33. Re2 Qxc5+
34. Kg2 Qb4 35. Qf2 Qd6 36. g4 Qf4 0-1

[Event "FRA T IV 08-09"]
[Site "Languedoc"]
[Date "2008.11.22"]
[Round "2"]
[White "Bernard, Claude"]
[Black "Deschanels"]
[Result "1-0"]
[WhiteElo "1827"]
[BlackElo "1876"]
[PlyCount "121"]
[EventDate "2008.??.??"]
[EventType "team-match"]
[EventCountry "FRA"]

1. e4 g6 2. d4 d6 3. Nf3 Bg7 4. Nc3 Nf6 5. Be2 c6 6. O-O O-O 7. Be3 Qc7 8. Qd2
Ng4 9. Bf4 e5 10. dxe5 dxe5 11. Bg3 Nd7 12. Rad1 b5 13. a3 a6 14. Bh4 Ngf6 15.
Rfe1 Re8 16. h3 Bb7 17. Bf1 Nf8 18. Bxf6 Bxf6 19. Qd6 Qe7 20. Qxe7 Rxe7 21. Rd6
Re6 22. Red1 Rxd6 23. Rxd6 Be7 24. Rd1 f6 25. Ne1 Ne6 26. Rd7 Rd8 27. Rxe7 Bc8
28. Ra7 h5 29. b4 Kf8 30. Bd3 Ke8 31. Rh7 Nf8 32. Ra7 Ne6 33. Ne2 Rd6 34. Kf1
Kd8 35. Rh7 Nf8 36. Rg7 Ke8 37. Ra7 Ne6 38. g3 Kd8 39. Rh7 Nf8 40. Rh8 Bxh3+
41. Kg1 Ke8 42. f4 Kf7 43. fxe5 fxe5 44. Nf3 Kg7 45. Rxf8 Kxf8 46. Nxe5 g5 47.
Nf3 Rg6 48. e5 Rg7 49. Ned4 Bd7 50. Kf2 g4 51. Nh4 Ke8 52. e6 Bc8 53. Bf5 Rc7
54. Bg6+ Kf8 55. Nhf5 Kg8 56. e7 Bd7 57. e8=Q+ Bxe8 58. Bxe8 c5 59. Ne6 cxb4
60. Nxc7 bxa3 61. Nd6 1-0

[Event "FRA T IV 08-09"]
[Site "Languedoc"]
[Date "2008.11.22"]
[Round "2"]
[White "Blanc, Regis"]
[Black "Bruguier, Olivier"]
[Result "1-0"]
[WhiteElo "1752"]
[BlackElo "1963"]
[PlyCount "49"]
[EventDate "2008.??.??"]
[EventType "team-match"]
[EventCountry "FRA"]

1. e4 c5 2. Nf3 d6 3. d4 cxd4 4. Nxd4 Nf6 5. Nc3 g6 6. Be3 Bg7 7. f3 O-O 8. Bc4
Nc6 9. Bb3 Bd7 10. O-O Rc8 11. Nd5 Nxd5 12. exd5 Ne5 13. Qe2 a5 14. a4 Qc7 15.
Bf2 Rfe8 16. Rfd1 e6 17. dxe6 Bxe6 18. Nb5 Qc6 19. Nxd6 Nc4 20. Nxe8 Rxe8 21.
c3 Nxb2 22. Qxb2 Bxc3 23. Qc2 Bf5 24. Qa2 Bxa1 25. Bxf7+ 1-0

[Event "FRA T IV 08-09"]
[Site "Languedoc"]
[Date "2008.11.22"]
[Round "2"]
[White "Gervasio, Ricardo"]
[Black "Lenfant, Francois"]
[Result "1-0"]
[WhiteElo "2297"]
[BlackElo "2098"]
[PlyCount "77"]
[EventDate "2008.??.??"]
[EventType "team-match"]
[EventCountry "FRA"]

1. e4 c6 2. Nc3 d5 3. Nf3 Bg4 4. h3 Bxf3 5. Qxf3 Nf6 6. g3 e6 7. Bg2 Nbd7 8.
O-O Be7 9. d4 Nxe4 10. Nxe4 dxe4 11. Qxe4 Nf6 12. Qd3 O-O 13. c4 Qc7 14. Bf4
Bd6 15. Bg5 Be7 16. Rfe1 Rfd8 17. Qe3 Qb6 18. Rad1 Rd7 19. Rd2 Rad8 20. Red1
Qb4 21. b3 Nh5 22. Bxe7 Rxe7 23. g4 Nf6 24. f4 a5 25. a4 Qd6 26. Bf3 Qc7 27. h4
Red7 28. g5 Ne8 29. h5 Nd6 30. Bg4 Nf5 31. Bxf5 exf5 32. d5 cxd5 33. Rxd5 Kf8
34. Qd4 Rxd5 35. cxd5 Qc2 36. h6 g6 37. d6 Ke8 38. d7+ Ke7 39. Qf6+ 1-0

[Event "FRA T IV 08-09"]
[Site "Languedoc"]
[Date "2008.11.22"]
[Round "2"]
[White "Lauret"]
[Black "Berry, Vincent"]
[Result "0-1"]
[WhiteElo "1793"]
[BlackElo "1760"]
[PlyCount "116"]
[EventDate "2008.??.??"]
[EventType "team-match"]
[EventCountry "FRA"]

1. e4 c5 2. c3 d5 3. exd5 Qxd5 4. d4 Nc6 5. Nf3 Bg4 6. Be2 e6 7. h3 Bh5 8. O-O
Nf6 9. c4 Qd7 10. Be3 cxd4 11. Nxd4 Bxe2 12. Nxe2 Be7 13. Bg5 Qxd1 14. Rxd1 Ne4
15. Bxe7 Kxe7 16. Nbc3 Nxc3 17. Nxc3 Rhd8 18. b3 Rd4 19. Nb5 Rxd1+ 20. Rxd1 a6
21. Nc3 Rd8 22. Rxd8 Kxd8 23. Ne4 Ke7 24. Nc5 Na5 25. Kf1 Kd6 26. Ne4+ Ke7 27.
Ke2 b6 28. Kd3 Nc6 29. Nc3 f5 30. a3 Kd6 31. f4 e5 32. fxe5+ Nxe5+ 33. Ke3 g5
34. Nd5 b5 35. Kd4 Nc6+ 36. Kc3 bxc4 37. bxc4 f4 38. Nb4 a5 39. Nxc6 Kxc6 40.
Kb3 Kc5 41. Kc3 h6 42. Kd3 a4 43. Kc3 h5 44. Kd3 g4 45. h4 f3 46. g3 f2 47. Ke2
Kxc4 48. Kxf2 Kb3 49. Ke3 Kxa3 50. Kf4 Kb4 51. Kg5 a3 52. Kxh5 a2 53. Kxg4 a1=Q
54. h5 Qg7+ 55. Kf4 Qf6+ 56. Kg4 Kc4 57. Kh3 Qg5 58. g4 Kd4 0-1

[Event "FRA T IV 08-09"]
[Site "Languedoc"]
[Date "2008.11.23"]
[Round "2"]
[White "Lombart"]
[Black "Eulry, Laurent"]
[Result "0-1"]
[WhiteElo "1750"]
[BlackElo "1499"]
[PlyCount "124"]
[EventDate "2008.??.??"]
[EventType "team-match"]
[EventCountry "FRA"]

1. e4 e6 2. d4 d5 3. Nc3 Nf6 4. e5 Nfd7 5. f4 c5 6. Nf3 Nc6 7. Bb5 a6 8. Bxc6
bxc6 9. O-O Be7 10. Kh1 O-O 11. Ne2 cxd4 12. Nexd4 Qb6 13. c3 c5 14. Ne2 a5 15.
Qc2 Ba6 16. Rd1 a4 17. Ng3 f5 18. Be3 Qc6 19. Qd2 Rfb8 20. Rab1 Rb7 21. Qf2
Rab8 22. Nh5 Nb6 23. Qg3 Bf8 24. Nd2 Be2 25. Nf6+ Kh8 26. Re1 Bd3 27. Nxh7 Kxh7
28. Nf3 Bxb1 29. Rxb1 Be7 30. Ng5+ Bxg5 31. fxg5 g6 32. Qh4+ Kg8 33. Qh6 Rg7
34. Rf1 Nc4 35. Bc1 Nxe5 36. Qh3 Nf7 37. Re1 Rh7 38. Qg3 Re8 39. Qf2 Qd6 40. g3
e5 41. b3 axb3 42. axb3 Qc6 43. Kg1 Nd6 44. Qc2 Ne4 45. Be3 Ra8 46. Rb1 Rha7
47. b4 Ra1 48. bxc5 Rxb1+ 49. Qxb1 Nxc5 50. h4 Qb7 51. Qd1 Qb3 52. Qf3 Ra1+ 53.
Kh2 Qc2+ 54. Kh3 Ne4 55. h5 Qd1 56. Qxd1 Rxd1 57. g4 Rd3 58. gxf5 Rxe3+ 59. Kg4
gxf5+ 60. Kxf5 Nxg5 61. Kxg5 Rxc3 62. Kf5 Rh3 0-1

[Event "FRA T IV 08-09"]
[Site "Languedoc"]
[Date "2008.11.22"]
[Round "2"]
[White "Planchon, Corinne"]
[Black "Oullier, Pierre"]
[Result "1-0"]
[WhiteElo "1970"]
[BlackElo "1760"]
[PlyCount "93"]
[EventDate "2008.??.??"]
[EventType "team-match"]
[EventCountry "FRA"]

1. e4 e5 2. Nf3 Nc6 3. Bc4 Be7 4. O-O Nf6 5. Re1 O-O 6. Bb3 d6 7. h3 Nd7 8. c3
Bf6 9. d4 exd4 10. cxd4 Nb6 11. Nc3 Rb8 12. a3 Bd7 13. Bc2 g6 14. Bh6 Re8 15.
b3 Bh8 16. Qd2 Qf6 17. Bg5 Qg7 18. Bh6 Qf6 19. Bg5 Qg7 20. Rad1 h5 21. Nb5 f6
22. Bh6 Qf7 23. Nxc7 Rec8 24. Nb5 Qe7 25. Bf4 g5 26. Bxd6 Qg7 27. Bxb8 Rxb8 28.
Nd6 g4 29. hxg4 Bxg4 30. Nf5 Qh7 31. Qh6 Qf7 32. Qf4 Qh7 33. Nh6+ Kf8 34. Nxg4
hxg4 35. Qxg4 Kf7 36. Qf5 Qg7 37. b4 Rg8 38. Bb3+ Kf8 39. Bxg8 Qxg8 40. d5 Ne7
41. Qe6 Qh7 42. d6 Nc6 43. d7 Nxd7 44. Rxd7 Qg6 45. Rc1 a6 46. Rxc6 bxc6 47.
Qe7+ 1-0

[Event "FRA T IV 08-09"]
[Site "Languedoc"]
[Date "2008.11.23"]
[Round "3"]
[White "Artiaga, Harold"]
[Black "Jouhannet, Patrick"]
[Result "1-0"]
[WhiteElo "1861"]
[BlackElo "1630"]
[PlyCount "35"]
[EventDate "2008.??.??"]
[EventType "team-match"]
[EventCountry "FRA"]

1. Nf3 d6 2. c4 g6 3. d4 Bg7 4. Nc3 Nd7 5. e4 e5 6. d5 Ne7 7. Bd3 O-O 8. O-O f5
9. b4 fxe4 10. Nxe4 Nf6 11. Bg5 Nxe4 12. Bxe4 h6 13. Bh4 g5 14. Bxg5 hxg5 15.
Nxg5 Nf5 16. Qh5 Bh6 17. Qg6+ Kh8 18. Qh7# 1-0

[Event "FRA T IV 08-09"]
[Site "Languedoc"]
[Date "2008.11.23"]
[Round "3"]
[White "Aujoulat, Jean Pierre"]
[Black "Berry, Vincent"]
[Result "1-0"]
[WhiteElo "1812"]
[BlackElo "1760"]
[PlyCount "105"]
[EventDate "2008.??.??"]
[EventType "team-match"]
[EventCountry "FRA"]

1. Nf3 f5 2. c4 Nf6 3. Nc3 g6 4. g3 Bg7 5. Bg2 d6 6. d3 e5 7. Bg5 c6 8. Nd2 Qb6
9. Bxf6 Bxf6 10. Qb3 Qxb3 11. axb3 Na6 12. Rxa6 e4 13. Ra2 exd3 14. exd3 Kf7
15. Kd1 Bd7 16. Nf3 a6 17. Re1 Bxc3 18. bxc3 Rae8 19. Rae2 Rxe2 20. Rxe2 h6 21.
Kd2 Re8 22. Rxe8 Bxe8 23. Ke3 Kf6 24. d4 Bf7 25. Nd2 g5 26. d5 c5 27. Bf1 Bg6
28. f4 g4 29. Bd3 Bf7 30. Nf1 Be8 31. Kd2 Bd7 32. Ne3 h5 33. b4 b6 34. Ke2 Bc8
35. Kf2 Bd7 36. Kg2 Bc8 37. h3 Bd7 38. hxg4 hxg4 39. Kf2 Bc8 40. Ke2 Bd7 41.
Kd2 Kg6 42. Kc2 Kf6 43. Kb2 Bc8 44. Ka3 Bd7 45. Bc2 Kg6 46. Ba4 Bc8 47. bxc5
bxc5 48. Bc6 Kf7 49. Ka4 Ke7 50. Ka5 Kd8 51. Kb6 a5 52. Kxa5 Kc7 53. Be8 1-0

[Event "FRA T IV 08-09"]
[Site "Languedoc"]
[Date "2008.11.23"]
[Round "3"]
[White "Bertrand, P."]
[Black "El Mchaouri Mas, Younes"]
[Result "0-1"]
[WhiteElo "1640"]
[BlackElo "1580"]
[PlyCount "82"]
[EventDate "2008.??.??"]
[EventType "team-match"]
[EventCountry "FRA"]

1. d4 d5 2. Nf3 Nf6 3. Bf4 Bf5 4. Nbd2 Nbd7 5. e3 e6 6. h3 Ne4 7. c3 Bd6 8.
Bxd6 Nxd6 9. Rc1 c6 10. Nb3 a5 11. Bd3 a4 12. Nc5 Nxc5 13. dxc5 Bxd3 14. Qxd3
Ne4 15. Qd4 f6 16. O-O Qa5 17. Qd1 Qxc5 18. Nd4 Qd6 19. Qg4 Kf7 20. Qd1 h5 21.
Ne2 g5 22. Qe1 h4 23. f3 Nc5 24. Rd1 Qe5 25. Qf2 Rag8 26. Rd4 Qf5 27. e4 dxe4
28. fxe4 Qxf2+ 29. Rxf2 e5 30. Rb4 b5 31. Rf3 Na6 32. Rd3 Rd8 33. Rxd8 Rxd8 34.
b3 Nxb4 35. cxb4 axb3 36. axb3 Rd3 37. Kf2 Rxb3 38. Nc1 Rxb4 39. Nd3 Rxe4 40.
Nc5 Rf4+ 41. Ke3 Ke7 0-1

[Event "FRA T IV 08-09"]
[Site "Languedoc"]
[Date "2008.11.23"]
[Round "3"]
[White "Costa, Jean Yves"]
[Black "Blanc, Regis"]
[Result "1/2-1/2"]
[WhiteElo "1922"]
[BlackElo "1752"]
[PlyCount "36"]
[EventDate "2008.??.??"]
[EventType "team-match"]
[EventCountry "FRA"]

1. e4 d6 2. d4 Nf6 3. Bd3 Nbd7 4. Ne2 e5 5. c3 Be7 6. O-O O-O 7. f4 c5 8. Kh1
c4 9. Bxc4 Nxe4 10. Nd2 Nef6 11. Ng3 Qc7 12. Nf5 Nb6 13. Nxe7+ Qxe7 14. fxe5
dxe5 15. dxe5 Ng4 16. Qe2 Qxe5 17. Qxe5 Nxe5 18. Bb3 Nd3 1/2-1/2

[Event "FRA T IV 08-09"]
[Site "Languedoc"]
[Date "2008.11.23"]
[Round "3"]
[White "Eulry, Laurent"]
[Black "Fauvel"]
[Result "1/2-1/2"]
[WhiteElo "1499"]
[BlackElo "1831"]
[PlyCount "55"]
[EventDate "2008.??.??"]
[EventType "team-match"]
[EventCountry "FRA"]

1. f4 d5 2. e3 Nf6 3. Nf3 Bg4 4. h3 Bxf3 5. Qxf3 e6 6. d3 Nc6 7. g4 h6 8. Bd2
Qd7 9. Bg2 Be7 10. a3 e5 11. g5 hxg5 12. fxg5 e4 13. dxe4 Nxe4 14. h4 Bd6 15.
Kd1 Bg3 16. Be1 Ne5 17. Qe2 Bxe1 18. Bh3 Qd6 19. Qxe1 Nf3 20. Qe2 Qg3 21. Rf1
Nh2 22. Qb5+ Kf8 23. Rxf7+ Kxf7 24. Qxd5+ Kf8 25. Qf5+ Kg8 26. Qe6+ Kf8 27.
Qf5+ Kg8 28. Qe6+ 1/2-1/2

[Event "FRA T IV 08-09"]
[Site "Languedoc"]
[Date "2008.11.23"]
[Round "3"]
[White "Lenfant, Francois"]
[Black "Gomez, J."]
[Result "1-0"]
[WhiteElo "2098"]
[BlackElo "2018"]
[PlyCount "81"]
[EventDate "2008.??.??"]
[EventType "team-match"]
[EventCountry "FRA"]

1. d4 e6 2. c4 b6 3. Nf3 Bb7 4. g3 Bb4+ 5. Bd2 Bxf3 6. exf3 Bxd2+ 7. Qxd2 d5 8.
Bg2 Nf6 9. Nc3 c6 10. b3 O-O 11. O-O Na6 12. f4 Nc7 13. Rac1 Rc8 14. Rfd1 Qd7
15. Qe2 Rfd8 16. Rd3 Nce8 17. g4 g6 18. h3 Ng7 19. Rcd1 Nfe8 20. R1d2 Nf6 21.
Nd1 Qd6 22. Qe5 Nfe8 23. Qe3 Qb8 24. Nc3 Nf6 25. Ne2 h5 26. Bf3 hxg4 27. hxg4
Re8 28. Rd1 Qc7 29. Ng3 Qd7 30. Qd2 Red8 31. Kg2 Nfe8 32. Rh1 Nd6 33. f5 Nde8
34. Qh6 Kf8 35. fxg6 fxg6 36. Be2 Ke7 37. Qxg6 Kd6 38. Rf3 Rc7 39. b4 c5 40.
cxd5 Kxd5 41. dxc5 1-0

[Event "FRA T IV 08-09"]
[Site "Languedoc"]
[Date "2008.12.14"]
[Round "3"]
[White "Mahon, Vivien"]
[Black "Blanc, Regis"]
[Result "1-0"]
[WhiteElo "1946"]
[BlackElo "1752"]
[PlyCount "65"]
[EventDate "2008.??.??"]
[EventType "team-match"]
[EventCountry "FRA"]

1. d4 d6 2. c4 Nf6 3. Nc3 Nbd7 4. e4 e5 5. Nf3 Be7 6. Bg5 c6 7. Be2 a5 8. O-O
O-O 9. a3 exd4 10. Qxd4 Nc5 11. Nd2 Ne6 12. Qe3 Nxg5 13. Qxg5 Nxe4 14. Qe3 Nxc3
15. Qxc3 Bf6 16. Qc2 g6 17. Bd3 Bg7 18. f4 Qb6+ 19. Kh1 Qxb2 20. Rab1 Qxa3 21.
Rb3 Qc5 22. Ne4 Qd4 23. Ng5 a4 24. Rbb1 Qc3 25. Qe2 a3 26. Rbc1 a2 27. Rxc3
Bxc3 28. h3 a1=Q 29. Rxa1 Rxa1+ 30. Kh2 Re1 31. Qf2 Kg7 32. Ne4 Bb4 33. Qb2+
1-0

[Event "FRA T IV 08-09"]
[Site "Languedoc"]
[Date "2008.11.23"]
[Round "3"]
[White "Oullier, Pierre"]
[Black "Garcia, T."]
[Result "0-1"]
[WhiteElo "1760"]
[BlackElo "1798"]
[PlyCount "74"]
[EventDate "2008.??.??"]
[EventType "team-match"]
[EventCountry "FRA"]

1. e4 d6 2. d4 Nf6 3. Nc3 Nbd7 4. Nge2 e5 5. d5 Be7 6. Ng3 a6 7. Nf5 O-O 8.
Nxe7+ Qxe7 9. Bg5 b5 10. a3 Re8 11. Be2 Nf8 12. O-O h6 13. Bh4 Ng6 14. Bg3 Nh7
15. Qd2 f5 16. Bh5 Qf6 17. f4 exf4 18. Bxf4 Re7 19. Rae1 Ne5 20. Bxe5 Rxe5 21.
Bg4 Qg6 22. Bxf5 Bxf5 23. exf5 Rxf5 24. Rxf5 Qxf5 25. Rf1 Qe5 26. Re1 Qf5 27.
Re7 Rf8 28. Qe2 Rf7 29. Re8+ Nf8 30. Ra8 Qg5 31. Qe1 Re7 32. Qf1 Qe3+ 33. Kh1
Rf7 34. Qd1 Rf2 35. h3 Qf4 36. Kg1 Qg3 37. Qg4 Rxg2+ 0-1

[Event "FRA T IV 08-09"]
[Site "Languedoc"]
[Date "2008.11.23"]
[Round "3"]
[White "Viguie, Serge"]
[Black "Laval, Hubert"]
[Result "0-1"]
[WhiteElo "1660"]
[BlackElo "1822"]
[PlyCount "44"]
[EventDate "2008.??.??"]
[EventType "team-match"]
[EventCountry "FRA"]

1. e4 d6 2. d4 Nf6 3. Nc3 g6 4. Be2 Bg7 5. Be3 O-O 6. f4 c6 7. Nf3 b5 8. a3 Bb7
9. O-O Nbd7 10. e5 Ne8 11. Ng5 e6 12. Nge4 Qe7 13. Bf3 d5 14. Nf2 a6 15. Nd3
Nc7 16. g4 f6 17. Qd2 a5 18. b4 Nb6 19. Nc5 Nc4 20. Qe2 Na6 21. Nd3 axb4 22.
axb4 Nc7 0-1

[Event "FRA T IV 08-09"]
[Site "Languedoc"]
[Date "2008.12.14"]
[Round "4"]
[White "Viguie, Serge"]
[Black "Lefort, Luc"]
[Result "1/2-1/2"]
[WhiteElo "1660"]
[BlackElo "1790"]
[PlyCount "30"]
[EventDate "2008.??.??"]
[EventType "team-match"]
[EventCountry "FRA"]

1. e4 e5 2. Nf3 Nc6 3. d4 exd4 4. Nxd4 Bc5 5. Nxc6 Qf6 6. Qd2 dxc6 7. Bd3 Ne7
8. O-O Ng6 9. Nc3 O-O 10. Na4 Bb6 11. Kh1 Ne5 12. Nxb6 axb6 13. Be2 Rd8 14. Qg5
Qe6 15. f4 Ng6 1/2-1/2

[Event "FRA T IV 08-09"]
[Site "Languedoc"]
[Date "2008.01.18"]
[Round "5"]
[White "Blanc, Regis"]
[Black "Chevalier, Eric"]
[Result "1-0"]
[WhiteElo "1816"]
[BlackElo "2080"]
[PlyCount "97"]
[EventDate "2008.??.??"]
[EventType "team-match"]
[EventCountry "FRA"]

1. e4 e6 2. d3 d5 3. Nd2 Nf6 4. Ngf3 c5 5. c3 Nc6 6. Be2 Be7 7. Qc2 O-O 8. O-O
b6 9. Re1 Bb7 10. Nf1 Qc7 11. Bg5 dxe4 12. dxe4 Ne5 13. Nxe5 Qxe5 14. Qc1 Qc7
15. Bd3 Rad8 16. Bc2 Rd7 17. Qf4 e5 18. Qf3 Rfd8 19. Bxf6 Bxf6 20. Rad1 Bg5 21.
Qg4 Bd2 22. Re2 Bh6 23. Ree1 Qc6 24. Ng3 Bd2 25. Nf5 Qf6 26. Re2 Ba6 27. Ba4 b5
28. Bb3 g6 29. Nh6+ Kg7 30. Nxf7 h5 31. Qf3 Qxf3 32. gxf3 Bg5 33. Nxd8 Rxd1+
34. Bxd1 Bxd8 35. Rd2 Bb6 36. a4 bxa4 37. Bxa4 Kf6 38. Rd6+ Kf7 39. Bc6 h4 40.
Bd5+ Kg7 41. Re6 Be2 42. Kg2 h3+ 43. Kxh3 Bxf3 44. Rxe5 Kf6 45. Re6+ Kg5 46.
Kg3 Be2 47. f4+ Kh5 48. e5 Bg4 49. Bf3 1-0

[Event "FRA T IV 09-10"]
[Site "Champagne Ardennes"]
[Date "2008.10.19"]
[Round "?"]
[White "Quintin, Marc"]
[Black "Boutteville, Cesar"]
[Result "1-0"]
[WhiteElo "2106"]
[BlackElo "2197"]
[PlyCount "143"]
[EventDate "2009.11.26"]
[EventType "match"]
[EventCountry "FRA"]

1. d4 d5 2. c4 e6 3. Nc3 Nf6 4. Bg5 Be7 5. cxd5 exd5 6. Qc2 O-O 7. e3 Be6 8.
Bd3 h6 9. Bh4 c5 10. dxc5 Nbd7 11. Nf3 Nxc5 12. Bf5 Rc8 13. Bxe6 Nxe6 14. O-O
b5 15. Qd3 b4 16. Bxf6 Bxf6 17. Nxd5 Bxb2 18. Rab1 Bc3 19. Nxb4 Bxb4 20. Qxd8
Rfxd8 21. Rxb4 Rc2 22. Ra4 Rd7 23. h3 g5 24. h4 f6 25. hxg5 hxg5 26. g4 Kf7 27.
Kg2 Rb7 28. Rd1 Nc5 29. Ra5 Ne4 30. Rf1 Kg6 31. Nd4 Rcb2 32. a4 Nd6 33. Rc1 Ne4
34. Rf5 Re7 35. Rc2 Rb6 36. Rb5 Rxb5 37. axb5 Rb7 38. Rc6 Rd7 39. f3 Nd6 40.
Ne6 Kh6 41. Nd4 Kg6 42. Ne6 Kf7 43. Nc5 Rd8 44. Nb7 Nxb7 45. Rc7+ Ke6 46. Rxb7
Rd2+ 47. Kg3 Rb2 48. f4 Kd5 49. fxg5 fxg5 50. Rg7 Ke4 51. Rxg5 Rb3 52. Rf5
Rxe3+ 53. Kh4 Rc3 54. Rf7 Rc5 55. Rxa7 Rxb5 56. Re7+ Kf4 57. Rf7+ Ke4 58. g5
Ke5 59. Kh5 Ke6 60. Rf6+ Ke7 61. Kh6 Rb1 62. Kg7 Rg1 63. g6 Rg2 64. Rf3 Ke6 65.
Ra3 Ke7 66. Re3+ Kd7 67. Re4 Kd8 68. Kf6 Rf2+ 69. Kg5 Rg2+ 70. Rg4 Re2 71. g7
Re8 72. Rf4 1-0

[Event "Open 2008"]
[Site "Villeneuve-sur-Lot"]
[Date "2008.11.08"]
[Round "1"]
[White "Fantinel, Thibault"]
[Black "Sablier, Fabrice"]
[Result "1-0"]
[WhiteElo "2000"]
[BlackElo "1500"]
[PlyCount "67"]
[EventDate "2008.11.??"]
[EventType "swiss"]
[EventRounds "7"]
[EventCountry "FRA"]

1. e4 e5 2. Nf3 Nc6 3. Bb5 a6 4. Ba4 Nf6 5. O-O Bc5 6. c3 d6 7. d4 exd4 8. cxd4
b5 9. dxc5 bxa4 10. cxd6 cxd6 11. Qxa4 Bd7 12. Nc3 Ne5 13. Qd1 O-O 14. Nd4 Nfg4
15. f3 Nxh2 16. Kxh2 Qh4+ 17. Kg1 f5 18. Qe1 Qh5 19. Qg3 Rf6 20. Nd5 Rf7 21.
Qg5 Qxg5 22. Bxg5 h6 23. Bd2 Raf8 24. exf5 Nc4 25. Bc3 Re8 26. Rfe1 Re5 27. Nb4
Bxf5 28. Nxa6 Rxe1+ 29. Rxe1 Bd3 30. Nb4 Bg6 31. b3 Ne5 32. Ndc6 Rc7 33. Bxe5
dxe5 34. Nd5 1-0

[Event "Open 2008"]
[Site "Villeneuve-sur-Lot"]
[Date "2008.11.08"]
[Round "1"]
[White "Marciniak, Alexandre"]
[Black "Dulize, Bruno"]
[Result "1-0"]
[WhiteElo "2161"]
[BlackElo "1550"]
[PlyCount "27"]
[EventDate "2008.11.??"]
[EventType "swiss"]
[EventRounds "7"]
[EventCountry "FRA"]

1. e4 d6 2. d4 g6 3. Nc3 Bg7 4. Be3 Nf6 5. Qd2 O-O 6. O-O-O Nbd7 7. Bh6 c5 8.
Nf3 Qa5 9. Bxg7 Kxg7 10. e5 Ng4 11. h3 cxd4 12. hxg4 dxc3 13. Qh6+ Kg8 14.
Qxh7# 1-0

[Event "Open 2008"]
[Site "Villeneuve-sur-Lot"]
[Date "2008.11.08"]
[Round "1"]
[White "Richard, Christian"]
[Black "Le Hetet, Nicolas"]
[Result "0-1"]
[WhiteElo "1520"]
[BlackElo "2069"]
[PlyCount "70"]
[EventDate "2008.11.??"]
[EventType "swiss"]
[EventRounds "7"]
[EventCountry "FRA"]

1. e4 c5 2. Nc3 Nc6 3. Bc4 g6 4. d3 Bg7 5. Bd2 a6 6. a4 e6 7. Nf3 Nge7 8. Qe2
O-O 9. Bg5 Nd4 10. Nxd4 cxd4 11. Nd1 Qa5+ 12. Bd2 Qc7 13. Bb4 Re8 14. Bxe7 Rxe7
15. Bb3 d5 16. O-O dxe4 17. Qxe4 Bd7 18. f3 Bc6 19. Qe1 Rc8 20. Nf2 Bd5 21. Rc1
Bh6 22. c4 Bxc1 23. Qxc1 f5 24. Qh6 Qb6 25. Bd1 Bc6 26. b3 Qb4 27. Nh3 b5 28.
Nf4 Qd2 29. Qh4 Rce8 30. Qg3 e5 31. Nxg6 hxg6 32. Re1 Kg7 33. Be2 e4 34. Qf2
Qe3 35. Qxe3 dxe3 0-1

[Event "Open 2008"]
[Site "Villeneuve-sur-Lot"]
[Date "2008.11.08"]
[Round "2"]
[White "Boudaoud, Brahime"]
[Black "Marciniak, Alexandre"]
[Result "0-1"]
[WhiteElo "1830"]
[BlackElo "2161"]
[PlyCount "86"]
[EventDate "2008.11.??"]
[EventType "swiss"]
[EventRounds "7"]
[EventCountry "FRA"]

1. Nf3 d5 2. d4 Nf6 3. g3 c6 4. Bg2 Bf5 5. Nbd2 e6 6. c3 Nbd7 7. O-O Bd6 8. Nh4
Bg4 9. Nhf3 O-O 10. b3 e5 11. Bb2 e4 12. Ne1 Qe7 13. f3 exf3 14. exf3 Qe3+ 15.
Rf2 Bf5 16. Nf1 Qe7 17. Nd3 Rfe8 18. Qd2 Qf8 19. Ne3 Bxd3 20. Qxd3 g6 21. c4
Re7 22. c5 Bc7 23. a3 Rae8 24. Re1 h5 25. Rfe2 h4 26. g4 Qg7 27. Bh3 Nf8 28.
Nf5 Rxe2 29. Nxg7 Rxe1+ 30. Bf1 Kxg7 31. Kg2 Ne6 32. Qc3 Nf4+ 33. Kf2 Nh7 34.
Bc1 Ng5 35. Bxf4 Bxf4 36. Qd3 Bxh2 37. b4 Bg3+ 38. Kg2 Bf4 39. Kf2 h3 40. b5 h2
41. Kg2 R8e2+ 42. Qxe2 Rxe2+ 43. Bxe2 Ne6 0-1